1185 1445 1405 1817 1304 1366 1298 1303 1043 1582 1213 1389 1738 1910 1654 1057 1426 1964 1193 1737 1029 1921 1272 1095 1772 1687 1152 1459 1737 1184 1531 1230 1744 1789 1974 1434 1629 1332 1578 1215 1104 1335 1979 1147 1162 1106 1573 1651 1530 1253 1965 1507 1041 1493 1265 1971 1611 1627 1099 1305 1106 1956 1748 1997 1045 1781 1937 1603 1126 1599 1805 1762 1876 1006 1163 1237 1724 1950 1799 1749 1195 1854 1817 1110 1553 1334 1279 1775 1486 1129 1093 1920 1559 1288 1814 1201 1566 1140 1511 BCNSPRNW ULIB Ver.6.0+V

เปลี่ยนเป็นภาษาไทย

Change to English
 แสดงรายละเอียดบรรณานุกรม
  กลับหน้าหลัก

Brief Record : Get Marc (ISO 2709) : E-mail record : QR code < ปิดหน้าต่าง
LEADER : 00000nam 2200000uu 4500
001    13399123741
003     ULIB
008    141125s2556||||th 000 0 tha d
020    ^a9786162793295
060 04 ^aWY20.5^bป554ส
100 0  ^aปาริชาติ โรจน์พลากร-กู๊ช
245 10 ^aสถิติสำหรับงานวิจัยทางการพยาบาล และการใช้โปรแกรม SPSS forwindows /^cปาริชาติ โรจน์พลากร-กู๊ช, ยุวดี ฦาชา
250    ^aพิมพ์ครั้งที่ 4
260    ^aกรุงเทพฯ :^bภาควิชาพยาบาลศาสตร์คณะพยาบาลศาสตร์โรงพยาบาลรามาธิบดี มหาวิทยาลัยมหิดล,^c2556
300    ^a398, [8] หน้า ^e+คอมแพกต์ดิสก์ 1 แผ่น
500    ^aมีซีดี-รอม ประกอบ 1 แผ่น เก็บไว้ที่ชั้นวางโสตทัศนศึกษา
650  7 ^aการพยาบาล^vวิจัย
650  7 ^aสถิติศาสตร์
650  7 ^aสถิติ^xโปรแกรมคอมพิวเตอร์
650  7 ^aเอสพีเอสเอส (โปรแกรมคอมพิวเตอร์)
650  7 ^aเอสพีเอสเอสสำหรับวินโดวส์
700 0  ^aยุวดี ฦาชา
710 2  ^aมหาวิทยาลัยมหิดล. ^bคณะแพทยศาสตร์โรงพยาบาลรามาธิบดี.^bภาควิชาพยาบาลศาสตร์
945    ^p350^l0^i037086
945    ^p350^l0^i037087
945    ^p350^l0^i037088
945    ^p350^l0^i037089
945    ^p350^l0^i037090
945    ^p350^l0^i037091
945    ^p350^l0^i037092
945    ^p350^l0^i037093
999    ^aเกษร โพธิ์สุวรรณ
รายการนี้ยังไม่มีแท็ก
คุณยังไม่ได้ล็อกอิน คุณสามารถมีกิจกรรมร่วมกับเว็บไซต์ได้ แต่ต้องล็อกอินก่อน ::
  ล็อกอิน

รายการสื่อสารสนเทศ

ลำดับที่ ประเภท เลขเรียก/บาร์โค้ด สถานที่ สถานะ
1. Book การพยาบาล
หนังสือสำรอง
สถานะ=หนังสือสำรอง
WY20.5 ป554ส ฉ.1 
  Barcode: 037086
ห้องสมุดวิทยาเขตสวรรค์ประชารักษ์
►ส่วนจัดเก็บหนังสือเก่า สปร
บนชั้น
  ขอยืม
2. Book การพยาบาล
Book การพยาบาล
WY20.5 ป554ส ฉ.2 
  Barcode: 037087
ห้องสมุดวิทยาเขตสวรรค์ประชารักษ์
►ส่วนจัดเก็บหนังสือเก่า สปร
บนชั้น
  ขอยืม
3. Book การพยาบาล
Book การพยาบาล
WY20.5 ป554ส ฉ.3 
  Barcode: 037088
ห้องสมุดวิทยาเขตสวรรค์ประชารักษ์
►ส่วนจัดเก็บหนังสือเก่า สปร
บนชั้น
  ขอยืม
4. Book การพยาบาล
Book การพยาบาล
WY20.5 ป554ส ฉ.4 
  Barcode: 037089
ห้องสมุดวิทยาเขตสวรรค์ประชารักษ์
►หนังสือทั่วไป
บนชั้น
5. Book การพยาบาล
Book การพยาบาล
WY20.5 ป554ส ฉ.5 
  Barcode: 037090
ห้องสมุดวิทยาเขตสวรรค์ประชารักษ์
►ส่วนจัดเก็บหนังสือเก่า สปร
บนชั้น
  ขอยืม
6. Book การพยาบาล
Book การพยาบาล
WY20.5 ป554ส ฉ.6 
  Barcode: 037091
ห้องสมุดวิทยาเขตสวรรค์ประชารักษ์
►ส่วนจัดเก็บหนังสือเก่า สปร
บนชั้น
  ขอยืม
7. Book การพยาบาล
Book การพยาบาล
WY20.5 ป554ส ฉ.7 
  Barcode: 037092
ห้องสมุดวิทยาเขตสวรรค์ประชารักษ์
►ส่วนจัดเก็บหนังสือเก่า สปร
บนชั้น
  ขอยืม
8. Book การพยาบาล
Book การพยาบาล
WY20.5 ป554ส ฉ.8 
  Barcode: 037093
ห้องสมุดวิทยาเขตสวรรค์ประชารักษ์
►ส่วนจัดเก็บหนังสือเก่า สปร
บนชั้น
  ขอยืม

รายการใกล้เคียง
    ผู้แต่ง [ปาริชาติ โรจน์พลากร-กู๊ช]

    หัวเรื่อง [สถิติศาสตร์]
    หัวเรื่อง [เอสพีเอสเอส (โปรแกรมคอมพิวเตอร์)]
    หัวเรื่อง [เอสพีเอสเอสสำหรับวินโดวส์]

BibComment


ยังไม่เคยถูกคอมเมนท์

คอมเมนท์ทรัพยากรรายการนี้
  คอมเมนท์: สถิติสำหรับงานวิ..


 Copyright 2026. Bcnsprnw @Library